000 00670nam a2200181 4500
999 _c19208
_d19208
008 240219b ||||| |||| 00| 0 eng d
020 _a9781119982883
082 _aDC 620.00113
_bSp66 2023
100 _aSpong, Mark W.
_eauthor.
_952690
245 _aIntroduction to modeling and simulation :
_ba systems approach /
_cMark W. Spong.
260 _aHoboken, NJ :
_bWILEY,
_c©2023.
300 _axvii, 414 pages :
_billustrations ;
_c24 cm.
500 _aIncludes bibliographical references and index.
650 _aEngineering models.
_950671
650 _aEngineering
_xMathematical models.
_952691
650 _aComputer simulation.
_952692
942 _2ddc
_cDC